Chaîne de mots - Paris - Statistiques

Statistiques générales
  • Ce quiz a été pris 453 fois
  • Le résultat moyen est 18 sur 22
Statistiques - réponses
Indice Réponse % Correct
Le G du PSG Germain
98%
L'ingénieur Gustave Eiffel
97%
Qui donne sur l'avenue des Champs-______ Elysées
97%
Elle traverse Paris et va dans la Manche Seine
96%
Célèbre Arc Triomphe
96%
Le S du PSG Saint
95%
Prénom d'un célèbre créateur de mode parisien "YSL" Yves
94%
Prénom d'une chanteuse parisienne qui voit la vie en rose Edith
93%
Il y'en a vingt à Paris Arrondissement
84%
L’architecte de la transformation de Paris Hausmann
84%
Nom de pays qui est un magnifique jardin Luxembourg
84%
Bâtiment universitaire du 5e Sorbonne
83%
Garnier et Bastille en sont deux Opéra
80%
L'une des chambres du Parlement français Sénat
80%
Jardin, près du Louvre et de la rue Rivoli Tuileries
74%
Commune chic sur Seine Neuilly
71%
Place et parc offrant une vue imprenable sur la Tour Eiffel Trocadéro
71%
Tunnel associé à l'accident de la princesse Diana Alma
65%
Département proche où résidait les Rois Yvelines
64%
Chef lieu de l'Essonne qui a fusionné avec Courcouronnes Evry
62%
Commune proche de Paris, associé à La Défense Nanterre
62%
Terminus de la ligne 2 du métro, sous la place du même nom Nation
49%
Aucun quiz correspondant
Distribution des résultats
% des personnes avec chaque résultat
Percentile par nombre de réponses
Votre historique - résultats
Vous n’avez pas pris ce quiz